Existence of homoclinic orbits for unbounded time-dependent p-Laplacian systems

Elmentve itt :
Bibliográfiai részletek
Szerző: Daouas Adel
Dokumentumtípus: Folyóirat
Megjelent: 2016
Sorozat:Electronic journal of qualitative theory of differential equations
Kulcsszavak:Homoklinikus megoldások, Hamilton rendszer, Mountain Pass elmélet, p-Laplacian rendszer
Online Access:http://acta.bibl.u-szeged.hu/42666
LEADER 00738nas a2200181 i 4500
001 acta42666
005 20260224081030.0
008 170224s2016 hu o 000 hun d
022 |a 1417-3875 
040 |a SZTE Egyetemi Kiadványok Repozitórium  |b hun 
041 |a hun 
100 1 |a Daouas Adel 
245 1 0 |a Existence of homoclinic orbits for unbounded time-dependent p-Laplacian systems  |h [elektronikus dokumentum] /  |c  Daouas Adel 
260 |c 2016 
300 |a 1-12 
490 0 |a Electronic journal of qualitative theory of differential equations 
695 |a Homoklinikus megoldások, Hamilton rendszer, Mountain Pass elmélet, p-Laplacian rendszer 
856 4 0 |u http://acta.bibl.u-szeged.hu/42666/1/ejqtde_2016_088_001-012.pdf  |z Dokumentum-elérés